شهادتي ... : (Record no. 27499)

MARC details
000 -الفاتح
حقل البيانات ثابتة الطول 01405nam a22003375a 4500
003 - محدد رقم الضبط
رقم الضبط EG-ScBUE
005 - وقت وتاريخ اخر تعامل مع التسجيلة
رقم الضبط 20220719114725.0
008 - عناصر البيانات ثابتة الطول - معلومات عامة
حقل البيانات ثابتة الطول 190530s2018 ua ao f 000 0 ara d
017 ## - رقم الإيداع القانونى
رقم الإيداع القانونى 2012 / 8270
020 ## - الرقم الدولى المعيارى للكتب
الرقم الدولى المعيارى للكتاب 9771445251
020 ## - الرقم الدولى المعيارى للكتب
الرقم الدولى المعيارى للكتاب 9789771445251
040 ## - مصدر الفهرسة
وكالة الفهرسة الأصلية EG-ScBUE
لغة الفهرسة ara
قواعد الوصف rda
وكالة النسخ EG-ScBUE
وكالة التعديل EG-ScBUE
043 ## - رمز المنطقة الجغرافية
رمز المنطقة الجغرافية f-ua---
082 04 - رقم تصنيف ديوى العشرى
رقم التصنيف 327.62
رقم المادة أ ب و
رقم الطبعة 22
100 1# - المدخل الرئيسى - إسم شخصى
الإسم الشخصى أبو الغيط، أحمد،
التواريخ المصاحبة للاسم 1942-
الدور author.
245 10 - بيان العنوان
العنوان شهادتي ... :
بقية العنوان السياسة الخارجية المصرية، 2004 / 2011 /
بيان المسئوليه,etc تأليف أحمد أبو الغيط.
250 ## - بيان الطبعة
بيان الطبعة الطبعة الثامنة.
264 #1 - النشر، التوزيع
مكان الناشر او الموزع الجيزة، مصر :
اسم الناشر او الموزع دار نهضة مصر للنشر،
تاريخ النشر أو التوزيع 2018.
300 ## - الوصف المادى
التعداد 536 صفحة :
تفاصيل ماديه اخرى للوعاء إيضاحيات، صور ملونة ؛
أبعاد الوعاء 24 سم
336 ## - نوع المحتوى
source rdacontent
Carrier Type Term نص
Content Type Code txt
337 ## - نوع الوسيط
source rdamedia
Media Type Term بدون وسيط
Media Type Code n
338 ## - نوع الحامل أو الناقل
source rdacarrier
Carrier Type Term مجلد
Carrier Type Code nc
500 ## - تبصرة عامة
تبصرة عامة يشتمل على ملحق صور.
650 #7 - المدخل الاضافى بالموضوع-مصطلح موضوعى
مصطلح موضوعي أو اسم جغرافي كعنصر مدخل السياسة الدولية.
مصدر الرأس أو المصطلح BUEsh
651 #7 - المدخل الاضافى بالموضوع - اسم جغرافى
الاسم الجغرافي وزراء الخارجية
التقسيم الفرعي الجغرافي مصر
التقسيم الفرعي الشكلي السيرة الذاتية.
مصدر الرأس أو المصطلح BUEsh
651 #7 - المدخل الاضافى بالموضوع - اسم جغرافى
الاسم الجغرافي مصر
التقسيم الفرعي العام أحوال سياسية
-- العصر الحديث
التقسيم الفرعي الزمني حسني مبارك، 1981 - 2011.
مصدر الرأس أو المصطلح BUEsh
651 #7 - المدخل الاضافى بالموضوع - اسم جغرافى
الاسم الجغرافي مصر
التقسيم الفرعي العام أحوال سياسية
-- العصر الحديث
التقسيم الفرعي الزمني ثورة 25 يناير 2011.
مصدر الرأس أو المصطلح BUEsh
653 ## - مصطلح تكشيفى غير مقيد
Resource For college BAEPS, Political Science
Arrived date list May2019
655 ## - مصطلح تكشيفى-نوع/شكل
التقسيم الفرعي الشكلي Reading book
-- 34232
942 ## - عناصر المدخل الإضافي( كوها)
مصدر التصنيف او مخطط الترفيف Dewey Decimal Classification
Holdings
حالة التراجع حالة الفقد مصدر التصنيف او خطة الترفيف حالة تلف ليس للاعارة مجموعات كوها المكان الدائم المكان الحالي موقع الترفيف تاريخ الاكتساب Source of acquisition رقم الاستدعاء الباركود Date last seen مُعار تبصرة غير عامة( المفوع للعناصر المفقوده) نوع الوعاء
    Dewey Decimal Classification     Donation-Gift Central Library Central Library First floor 30/05/2019 Donation 327.62 أ ب و 000047886 15/07/2025 24/10/2019 Donation from Mr. Ali Hefny Book - Borrowing
    Dewey Decimal Classification     دار نهضة مصر Central Library Central Library First floor 30/05/2019 Purchase 327.62 أ ب و 000047887 15/07/2025     Book - Borrowing
    Dewey Decimal Classification     دار نهضة مصر Central Library Central Library First floor 30/05/2019 Purchase 327.62 أ ب و 000047888 15/07/2025     Book - Borrowing
    Dewey Decimal Classification     دار نهضة مصر Central Library Central Library First floor 30/05/2019 Purchase 327.62 أ ب و 000047889 15/07/2025     Book - Borrowing
    Dewey Decimal Classification     دار نهضة مصر Central Library Central Library First floor 30/05/2019 Purchase 327.62 أ ب و 000047890 15/07/2025     Book - Borrowing
    Dewey Decimal Classification     دار نهضة مصر Central Library Central Library First floor 30/05/2019 Purchase 327.62 أ ب و 000047891 15/07/2025 30/10/2019   Book - Borrowing
    Dewey Decimal Classification     دار نهضة مصر Central Library Central Library First floor 30/05/2019 Purchase 327.62 أ ب و 000047892 15/07/2025     Book - Borrowing
    Dewey Decimal Classification     Donation-Gift Central Library Central Library First floor 19/07/2022 Donation 327.62 أ ب و 000056333 15/07/2025     NB - Book (Non borrowing)
    Dewey Decimal Classification     Donation-Gift Central Library Central Library First floor 19/07/2022 Donation 327.62 أ ب و 000056335 15/07/2025     Book - Borrowing
    Dewey Decimal Classification     Donation-Gift Central Library Central Library First floor 19/07/2022 Donation 327.62 أ ب و 000056336 15/07/2025 22/10/2023   Book - Borrowing